The Korean Go Association's learn to play go / (Record no. 155)
[ view plain ]
| 000 -LEADER | |
|---|---|
| fixed length control field | 00929nam a2200277 a 4500 |
| 001 - CONTROL NUMBER | |
| control field | 2609914 |
| 003 - CONTROL NUMBER IDENTIFIER | |
| control field | csc |
| 005 - DATE AND TIME OF LATEST TRANSACTION | |
| control field | 20200421093820.0 |
| 008 - FIXED-LENGTH DATA ELEMENTS--GENERAL INFORMATION | |
| fixed length control field | 971030muuuu9999nyua 000 0 eng |
| 010 ## - LIBRARY OF CONGRESS CONTROL NUMBER | |
| LC control number | 97210321 |
| 020 ## - INTERNATIONAL STANDARD BOOK NUMBER | |
| International Standard Book Number | 0964479621 (v. 2) |
| 040 ## - CATALOGING SOURCE | |
| Original cataloging agency | DLC |
| Transcribing agency | DLC |
| 050 00 - LIBRARY OF CONGRESS CALL NUMBER | |
| Classification number | GV1459.5 |
| Item number | .J46 1995 |
| 100 1# - MAIN ENTRY--PERSONAL NAME | |
| Personal name | Jeong, Soo-hyun. |
| 9 (RLIN) | 170 |
| 245 14 - TITLE STATEMENT | |
| Title | The Korean Go Association's learn to play go / |
| Statement of responsibility, etc. | Jeong Soo-hyun, Janice Kim ; drawings by A. Lee. |
| 246 14 - VARYING FORM OF TITLE | |
| Title proper/short title | Learn to play go |
| 260 ## - PUBLICATION, DISTRIBUTION, ETC. | |
| Place of publication, distribution, etc. | New York : |
| Name of publisher, distributor, etc. | Good Move Press, |
| Date of publication, distribution, etc. | <c1995- > |
| 300 ## - PHYSICAL DESCRIPTION | |
| Extent | v. <2 > : |
| Other physical details | ill. ; |
| Dimensions | 26 cm. |
| 505 1# - FORMATTED CONTENTS NOTE | |
| Formatted contents note | -- v. 2. The way of the moving horse |
| 650 #0 - SUBJECT ADDED ENTRY--TOPICAL TERM | |
| Topical term or geographic name entry element | Go (Game) |
| 700 1# - ADDED ENTRY--PERSONAL NAME | |
| Personal name | Kim, Janice. |
| 9 (RLIN) | 171 |
| 710 2# - ADDED ENTRY--CORPORATE NAME | |
| Corporate name or jurisdiction name as entry element | Hanʼguk Kiwŏn. |
| 9 (RLIN) | 172 |
| 906 ## - LOCAL DATA ELEMENT F, LDF (RLIN) | |
| a | 7 |
| b | cbc |
| c | orignew |
| d | 2 |
| e | ncip |
| f | 19 |
| g | y-gencatlg |
| 942 ## - ADDED ENTRY ELEMENTS (KOHA) | |
| Source of classification or shelving scheme | Dewey Decimal Classification |
| Koha item type | Books |
| Withdrawn status | Lost status | Damaged status | Not for loan | Collection | Home library | Current library | Shelving location | Date acquired | Barcode | Date last seen | Price effective from | Koha item type |
|---|---|---|---|---|---|---|---|---|---|---|---|---|
| Reference | Centerville | Centerville | General stacks | 09/04/2014 | 39999000006575 | 09/04/2014 | 09/04/2014 | Books | ||||
| Reference | Midway | Midway | General stacks | 09/04/2014 | 39999000006551 | 09/04/2014 | 09/04/2014 | Books | ||||
| Reference | Midway | Midway | General stacks | 09/04/2014 | 39999000006599 | 09/04/2014 | 09/04/2014 | Books |